Kam kráča európsky maloobchod

Súčasné vývojové trendy európskeho maloobchodu. Internacionalizácia a postupná globalizácia európskeho obchodu. Koncentrácia a integrácia obchodných podnikov. Špecializácia, segmentácia a diverzifikácia. Trhová dominancia obchodu. Rozvoj nových foriem predaja.

Na minha lista:
Detalhes bibliográficos
Autor principal: Čihovská, Viera
Formato: Capítulo de Livro
Idioma:eslovaco
Assuntos:
Tags: Adicionar Tag
Sem tags, seja o primeiro a adicionar uma tag!

MARC

LEADER 00000naa$a2200000$$$4500
001 0049072
005 20240522081943.1
041 0 |a slo 
044 |a SK 
245 1 0 |a Kam kráča európsky maloobchod  |c Viera Čihovská 
520 |a Súčasné vývojové trendy európskeho maloobchodu. Internacionalizácia a postupná globalizácia európskeho obchodu. Koncentrácia a integrácia obchodných podnikov. Špecializácia, segmentácia a diverzifikácia. Trhová dominancia obchodu. Rozvoj nových foriem predaja. 
610 2 0 |a maloobchod 
610 2 0 |a špecializácia 
610 2 0 |a diverzifikácia 
610 2 0 |a internacionalizácia 
610 2 0 |a globalizácia 
610 2 0 |a koncentrácia 
610 2 0 |a trh 
610 2 0 |a Európa 
100 1 |a Čihovská, Viera